Every Country to play at a European Championship - Statistics

General Stats
  • This quiz has been taken 21 times
  • The average score is 39 of 41
Answer Stats
Tournaments played in Answer % Correct
2008,2016,2020,2024 Austria
100%
1964,1984,1988,1992,1996,2000,2004,2012,2020,2024 Denmark
100%
2020 Finland
100%
1980,2004,2008,2012 Greece
100%
1964,1972,2016,2020,2024 Hungary
100%
1988,2012,2016 Ireland
100%
1968,1980,1988,1996,2000,2004,2008,2012,2016,2020,2024 Italy
100%
2000 Norway
100%
2008,2012,2016,2020,2024 Poland
100%
1984,1996,2000,2004,2008,2012,2016,2020,2024 Portugal
100%
1984,1996,2000,2008,2016,2024 Romania
100%
1996,2004,2008,2012,2016,2020 Russia
100%
2016,2020,2024 Slovakia
100%
2000,2024 Slovenia
100%
1964,1980,1984,1988,1996,2000,2004,2008,2012,2016,2020,2024 Spain
100%
1992,2000,2004,2008,2012,2016,2020 Sweden
100%
1996,2004,2008,2016,2020,2024 Switzerland
100%
1996,2000,2008,2016,2020,2024 Turkey
100%
2012,2016,2020,2024 Ukraine
100%
1972,1980,1984,2000,2016,2020,2024 Belgium
95%
1996,2004 Bulgaria
95%
1996,2004,2008,2012,2016,2020,2024 Croatia
95%
1996,2000,2004,2008,2012,2016,2020,2024 Czech Republic
95%
1968,1980,1988,1992,1996,2000,2004,2012,2016,2020,2024 England
95%
1960,1984,1992,1996,2000,2004,2008,2012,2016,2020,2024 France
95%
1992,1996,2000,2004,2008,2012,2016,2020,2024 Germany
95%
2016 Iceland
95%
1976,1980,1988,1992,1996,2000,2004,2008,2012,2020,2024 Netherlands
95%
2016 Northern Ireland
95%
2020 North Macedonia
95%
2024 Serbia
95%
2024 Georgia
89%
1992,1996,2020,2024 Scotland
89%
2016,2020 Wales
89%
1960,1968,1976,1984,2000 Yugoslavia
89%
2016,2024 Albania
84%
1992 CIS
84%
1960,1976,1980 Czechoslovakia
84%
2004 Latvia
84%
1960,1964,1968,1972,1988 Soviet Union
79%
1972,1976,1980,1984,1988 West Germany
68%
No matching quizzes found
Score Distribution
Percent of People with Each Score
Percentile by Number Answered
Your Score History
You have not taken this quiz